| 000 | 00861cam a2200253 a 4500 | ||
|---|---|---|---|
| 001 | 1124019 | ||
| 003 | NUST - PNEC | ||
| 005 | 20170116181035.0 | ||
| 008 | 940413s1995 nyua b 001 0 eng | ||
| 010 | _a 94013915 | ||
| 020 | _a0849325536 | ||
| 040 | _cLIBRARY | ||
| 082 | 0 | 0 | _a621.4021 ANN |
| 100 | 1 |
_aAnnamalai, Kalyan _911326 |
|
| 245 | 1 | 0 |
_aAdvanced thermodynamics for engineers / _cKalyan Annamalai |
| 260 |
_aNew York : _cc.2002 |
||
| 440 | 0 | _aMcGraw-Hill series in mechanical engineering | |
| 504 | _aIncludes bibliographical references and index. | ||
| 650 | 0 |
_aThermodynamics. _vME |
|
| 856 | 4 | 2 |
_3Publisher description _uhttp://www.loc.gov/catdir/description/mh022/94013915.html |
| 856 | 4 | 1 |
_3Table of contents _uhttp://www.loc.gov/catdir/toc/mh022/94013915.html |
| 906 |
_a7 _bcbc _corignew _d1 _eocip _f19 _gy-gencatlg |
||
| 942 |
_2ddc _cBK |
||
| 999 |
_c67886 _d67886 |
||